| 000 | 00511nam a2200181 i 4500 | ||
|---|---|---|---|
| 001 | 65652 | ||
| 003 | ES-MaACL | ||
| 005 | 20230906165431.0 | ||
| 007 | t| | ||
| 008 | 040120s1973 sp ||||1| spa d | ||
| 100 | 1 |
_aFrizell, Bernard. _952705 |
|
| 245 | 1 | 3 |
_aEl gran desafío / _cBernard Frizell ; [traducido por Neri Daurella]. |
| 250 | _a[1ª ed.]. | ||
| 260 |
_aBarcelona : _bGrijalbo, _c[1973] |
||
| 300 |
_a329 p. ; _c20 cm. |
||
| 700 | 1 |
_aDaurella, Neri. _942834 |
|
| 852 |
_aES-MaACL _jC-56153 _bR.88686 |
||
| 999 |
_c65652 _d65652 |
||